Dokumentačné zbierky Ústredia ľudovej umeleckej výroby v Bratislave

Bibliographic Details
Main Author: Stano, Pavol, 1910-1988 (Author)
Format: Book
Language:Slovak
PhysicalDescription:23 s. čiernobiele fotogr. 17 x 19 cm
Published: Bratislava Ústredie ľudovej umeleckej výroby 1966
Edition:[1. vyd.]
Subjects:

MARC

LEADER 00000nam a22000005a 4500
001 vtls008162174
003 SK-MaSNL
005 20260426014626.0
008 240314s1966 xo g c 000 0 slo
020 |q (brož.) 
040 |a SNK  |b slo  |c SNK  |e AACR2 
041 0 |a slo 
044 |a xo  |c SK 
072 7 |a 72/76  |x Výtvarné umenie  |2 konspekt 
080 |a 745/749  |2 MDT-MRF 
080 |a (437.6)  |2 MDT-MRF 
080 |a (083.81)  |2 MDT-MRF 
100 1 |a Stano, Pavol,  |d 1910-1988  |4 aut  |9 49125 
245 1 0 |a Dokumentačné zbierky Ústredia ľudovej umeleckej výroby v Bratislave  |c [text Pavol Stano] 
250 |a [1. vyd.] 
260 |a Bratislava  |b Ústredie ľudovej umeleckej výroby  |c 1966 
300 |a 23 s. čiernobiele fotogr.  |c 17 x 19 cm 
610 2 7 |a Ústredie ľudovej umeleckej výroby (Bratislava, Slovensko)  |2 SNKPH  |9 33060 
650 0 7 |a umelecké remeslá  |2 SNKPH  |9 3094 
651 7 |a Slovensko  |2 SNKPH  |9 14231 
655 7 |a katalógy  |2 SNKPH  |9 60821 
958 |a OND 
999 |c 1163355  |d 1165285 
952 |a SNK  |b SNK  |y PREZ  |7 0  |p 17A0476311  |o snkOSD 8891  |i snk2005/10941  |8 1  |0 0  |1 0  |4 0  |d 2005-06-23  |l 0  |r 2026-02-24 20:40:12  |w 2026-02-24 
952 |a SNK  |b SNK  |y VYP  |7 0  |p 17A0476305  |o snkOSD 8891 D1  |i snk2005/10942  |8 1  |0 0  |1 0  |4 0  |d 2005-06-23  |l 0  |r 2026-02-24 20:40:12  |w 2026-02-24